000 01313nam a2200349 i 4500
001 bg
100 1 _aBard, Alexander
_d(1961-).
245 0 _aNetokracja :
_bnowa elita władzy i życie po kapitalizmie /
_cAlexander Bard, Jan Söderqvist ; tł. Piotr Cypryański, wstęp Edwin Bendyk.
246 1 _iTyt. oryg.:
_aNätokraterna :
_bboken om det elektroniska klassamhället
260 _aWarszawa :
_bWydawnictwa Akademickie i Profesjonalne,
_c2006.
300 _a259 s. :
_b3 rys. ;
_c21 cm.
490 1 _aCybernetyka, Internet, Społeczeństwo
650 9 _aElita społeczna
650 9 _aInternet
_xsocjologia
650 9 _aSpołeczeństwo informacyjne
650 0 _aSpożycie
_xsocjologia
700 _aSöderqvist, Jan
_d(1961-).
700 _aCypryański, Piotr.
_eTł.
700 _aBendyk, Edwin
_d(1965-).
_eWstęp
830 _aCybernetyka, Internet, Społeczeństwo
020 _a9788360501061
020 _a8360501068
040 _cBPK
041 1 _apol
_hswe
044 _apol
080 _a316.324.8:316.334.2:330.537.4:316.77:004.738.5:316.344
920 _a978-83-60501-06-1
920 _a83-60501-06-8
942 _cKS
008 s pl f |000 0 pol
999 _c53768
_d53768
856 _uhttp://koha.tu.koszalin.pl/cgi-bin/koha/opac-detail.pl?biblionumber=53768
_yKatalog online BPK